[Event "Attica-ch U14"]
[Site "Peristeri"]
[Date "2012.04.17"]
[Round "1"]
[White "Kalofonos, Panayotis"]
[Black "Sevastopoulos, Dimitrios"]
[Result "1-0"]
[WhiteElo "1783"]
[BlackElo "1268"]
[PlyCount "45"]
[EventDate "2012.04.17"]
[EventType "swiss"]
[EventRounds "7"]
[EventCountry "GRE"]
[SourceTitle "EXT 2024"]
[Source "ChessBase"]
[SourceDate "2023.10.10"]
[SourceVersion "1"]
[SourceVersionDate "2023.10.10"]
[SourceQuality "1"]

1. e4 c5 2. Nf3 d6 3. d4 cxd4 4. Nxd4 Nf6 5. Nc3 a6 6. Be3 g6 7. f3 Bg7 8. Qd2 0-0 9. Bc4 e5 10. Nde2 b5 11. Bb3 Bb7 12. 0-0-0 Ne8 13. Nd5 Nd7 14. h4 Bxd5 15. Bxd5 Rc8 16. h5 Qc7 17. hxg6 hxg6 18. Bh6 Bxh6 19. Rxh6 Ndf6 20. Rxg6+ Kh8 21. Rh1+ Nh7 22. Rxh7+ Kxh7 23. Qh6# 1-0